A brief history of the metric system : (Record no. 172319)

MARC details
000 -LEADER
fixed length control field 00936cam a2200265 i 4500
001 - CONTROL NUMBER
control field 1376457550
003 - CONTROL NUMBER IDENTIFIER
control field OCoLC
005 - DATE AND TIME OF LATEST TRANSACTION
control field 20250828162312.0
008 - FIXED-LENGTH DATA ELEMENTS--GENERAL INFORMATION
fixed length control field 230419s2023 sz a ob 001 0 eng d
020 ## - INTERNATIONAL STANDARD BOOK NUMBER
International Standard Book Number 9783031284359 (Paperback)
024 7# - OTHER STANDARD IDENTIFIER
Standard number or code 10.1007/978-3-031-28436-6
040 ## - CATALOGING SOURCE
Original cataloging agency GW5XE
Language of cataloging eng
Description conventions rda
Transcribing agency NUST
Modifying agency NUST
050 #4 - LIBRARY OF CONGRESS CALL NUMBER
Classification number QC81 GIU
100 1# - MAIN ENTRY--PERSONAL NAME
Personal name Giunta, Carmen,
Relator term author
245 12 - TITLE STATEMENT
Title A brief history of the metric system :
Remainder of title from revolutionary france to the constant-based SI /
Statement of responsibility, etc. Carmen J. Giunta
260 ## - PUBLICATION, DISTRIBUTION, ETC.
Place of publication, distribution, etc. New York :
Name of publisher, distributor, etc. Springer ;
Date of publication, distribution, etc. ©2023.
300 ## - PHYSICAL DESCRIPTION
Extent xi, 81 pages:
Other physical details illustrations (black and white)
Dimensions 24 cm
336 ## - CONTENT TYPE
Content type term text
Content type code txt
Source rdacontent
337 ## - MEDIA TYPE
Media type term unmediated
Media type code n
Source rdamedia
338 ## - CARRIER TYPE
Carrier type term volume
Carrier type code nc
Source rdacarrier
504 ## - BIBLIOGRAPHY, ETC. NOTE
Bibliography, etc. note Includes bibliographical references and index
650 #0 - SUBJECT ADDED ENTRY--TOPICAL TERM
Topical term or geographic name entry element Metric system
General subdivision History.
650 #0 - SUBJECT ADDED ENTRY--TOPICAL TERM
Topical term or geographic name entry element Chemistry
General subdivision Measurement.
942 ## - ADDED ENTRY ELEMENTS (KOHA)
Source of classification or shelving scheme
Suppress in OPAC No
Koha item type Ordinary Loan Books
Classification part QC81 GIU
Call number prefix QC
Call number suffix GIU
Holdings
Withdrawn status Lost status Source of classification or shelving scheme Damaged status Not for loan Collection Home library Current library Shelving location Date acquired Source of acquisition Cost, normal purchase price Total Checkouts Full call number Barcode Date last seen Accession number Cost, replacement price Price effective from Koha item type Public note
    LCC     NFIC MAIN MAIN GEN 08/26/2025 Book Aid International 50.00   QC81 GIU 92004055109 08/26/2025 61835 50.00 08/25/2025 BOOKS Donation